ماں باپ کی خدمت (Record no. 612748)

000 -LEADER
fixed length control field 00309nam a22001217a 4500
040 ## - CATALOGING SOURCE
Transcribing agency Nust
082 ## - DEWEY DECIMAL CLASSIFICATION NUMBER
Classification number CH- 297
Author Mark ALA
100 ## - MAIN ENTRY--PERSONAL NAME
Personal name Alam Faqri
9 (RLIN) 66363
245 ## - TITLE STATEMENT
Title ماں باپ کی خدمت
260 ## - PUBLICATION, DISTRIBUTION, ETC.
Place of publication, distribution, etc. Lahore:
Name of publisher, distributor, etc. Idara Pegham ul Quran,
650 ## - SUBJECT ADDED ENTRY--TOPICAL TERM
Topical term or geographic name entry element ماں باپ کی خدمت
9 (RLIN) 127697
942 ## - ADDED ENTRY ELEMENTS (KOHA)
Source of classification or shelving scheme
Koha item type Book
Holdings
Withdrawn status Lost status Source of classification or shelving scheme Damaged status Not for loan Permanent Location Current Location Shelving location Date acquired Total Checkouts Full call number Barcode Date last seen Price effective from Koha item type
          College of Electrical & Mechanical Engineering (CEME) College of Electrical & Mechanical Engineering (CEME) General Stacks 01/22/2025   CH- 297 ALA CEME- 37204 01/22/2025 01/22/2025 Book
© 2023 Central Library, National University of Sciences and Technology. All Rights Reserved.